LEADER 02044nam0 22003373i 450 001 TO00324173 005 20251003044404.0 020 $aIT$b838413 100 $a19941011d1982 ||||0itac50 ba 101 | $aita 102 $ait 181 1$6z01$ai $bxxxe 182 1$6z01$an 183 1$6z01$anc$2RDAcarrier 200 1 $aCee, Mezzogiorno, Mediterraneo$enuove prospettive di cooperazione economica$eatti del Convegno internazionale di studio organizzato dalla Facolta di Economia e Commercio dell'Università di Catania, in collaborazione con l'Ufficio per l'Italia della Commissione CEE, la Fondazione Politecnica del Mediterraneo di Catania e la FOCSIV di Milano (Catania, 4-5 dicembre 1981)$fa cura di Giulio Querini 210 $aNapoli$cEdizioni scientifiche italiane$d[1982] 215 $a324 p.$d21 cm. 676 $a330$9ECONOMIA$v23 676 $a337.142$9$v21 676 $a338.945$9SVILUPPO ECONOMICO E POLITICHE DI SVILUPPO. Italia$v20 702 1$aQuerini$b, Giulio$3CFIV026248 801 3$aIT$bIT-000000$c19941011 850 $aIT-BN0095 $aIT-NA0079 $aIT-NA0452 901 $bNAP BN$cSEZ.NAP. $n$ 901 $bNAP 01$cPOZZO LIB.$nVi sono collocati fondi di economia, periodici di ingegneria e scienze, periodici di economia e statistica e altri fondi comprendenti documenti di economia pervenuti in dono. 901 $bNAP IS$cIREM $nSezione di economia dell'ex Istituto di ricerca sull'economia del Mediterraneo 912 $aTO00324173 950 0$aBiblioteca Centralizzata di Ateneo$b2 v.$c1 v. in 2 copie$d 01POZZO LIB.ECON MON 7304$e 0101 0000109315E VMA 1 v. (Precedente collocazione Guerrazzi A 0416)$fB $h20091214$i20091214$b2 v.$c1 v. in 2 copie$d 01POZZO LIB.ECON MON 7304$e 0101 0700245685E VMA (bis 1 v. (2 copia. - Precedente collocazione 24 EC 568)$fB $h20220802$i20220802 977 $a 01$a BN$a IS 996 $aCee, Mezzogiorno, Mediterraneo$967345 997 $aUNISANNIO LEADER 01182nam0-22003011i-450 001 990005519420403321 005 20251216172408.0 035 $a000551942 035 $aFED01000551942 035 $a(Aleph)000551942FED01 100 $a19990604d1936----km-y0itay50------ba 101 0 $afre 102 $aFR 105 $ay-------001yy 200 1 $aHistoire religieuse des règnes de Corneille de Berghes et de Georges d'Autriche princes évèques de Liège (1538-1557)$eRéforme protestante et Réforme Catholique au Diocèse de Liège$fpar Léon-E. Halkin 210 $aParis$c"Les Belles Lettres"$d1936 215 $a436 p.$d26 cm 225 1 $aBibliothèque de la Faculté de Philosophie et Lettres de l'Université de Liège$v72 610 0 $aRiforma protestante$aStoria 676 $a270.6$v21$zita 700 1$aHalkin,$bLéon-Ernest$f<1906-1998>$0422981 801 0$aIT$bUNINA$gRICA$2UNIMARC 901 $aBK 912 $a990005519420403321 952 $a270.6 HAL 1$bST.MED.MOD. 692$fFLFBC 959 $aFLFBC 996 $aHistoire religieuse des règnes de Corneille de Berghes et de Georges d'Autriche, princes-évêques de Liège (1538-1557)$91891694 997 $aUNINA